000 00329 a2200157 4500
001 171007
020 _a
040 _cMagnum
100 _aLopes, Jeam Carlos
240 1 0 _aO doce de cada um
_lpor
245 1 0 _aO doce de cada um
362 0 _a1899
440 1 _aPaulinas
697 _aIJ/SOCIEDADE COTIDIANO
942 _cBK
999 _c171007
_d171007